kku e-library facility

Handbook of Artifical intelligence (Record no. 120)

MARC details
000 -LEADER
fixed length control field 00383nam a22001337a 4500
005 - DATE AND TIME OF LATEST TRANSACTION
control field 20260115124531.0
008 - FIXED-LENGTH DATA ELEMENTS--GENERAL INFORMATION
fixed length control field 260115b |||||||| |||| 00| 0 eng d
020 ## - INTERNATIONAL STANDARD BOOK NUMBER
International Standard Book Number 9789352697991
100 ## - MAIN ENTRY--PERSONAL NAME
Personal name Singh Upinder
Dates associated with a name 2021
245 ## - TITLE STATEMENT
Title Handbook of Artifical intelligence
Statement of responsibility, etc. / Upinder Singh
260 ## - PUBLICATION, DISTRIBUTION, ETC.
Place of publication, distribution, etc. New Delhi:
Name of publisher, distributor, etc. Random Publications:
Date of publication, distribution, etc. 2021
300 ## - PHYSICAL DESCRIPTION
Extent viii, 289p.
Dimensions 24cm
942 ## - ADDED ENTRY ELEMENTS (KOHA)
Source of classification or shelving scheme Dewey Decimal Classification
Koha item type Books
Suppress in OPAC No

No items available.

©2025 All rights reserved. KKU